| 000 | 00519nam a22001817a 4500 | ||
|---|---|---|---|
| 003 | DO-SdBNP | ||
| 005 | 20180205111201.0 | ||
| 008 | 180205b ck||||| |||| 00| 0 spa d | ||
| 020 | _a9580438188 | ||
| 040 |
_aBPMSU _bspa _cBPMSU |
||
| 100 | _aPumarejo Olivella, Maribel | ||
| 245 |
_aAcento 5 : _bcuaderno de ortografĂa _cMaribel Pumarejo Olivella |
||
| 260 |
_aBogotá : _bGrupo Editorial Norma _c2001 |
||
| 300 |
_a118 p. _c28 cm |
||
| 942 |
_2ddc _cBK |
||
| 945 | _ainventariado, 2018 / dg | ||
| 956 |
_adgarcia _b10 |
||
| 999 |
_c13264 _d13264 |
||